Integrované kultúrno-spoločenské stredisko pre okruh 10000 obyvateľov typizačná smernica
Gespeichert in:
| Format: | Buch |
|---|---|
| Sprache: | Slowakisch |
| Veröffentlicht: |
Bratislava
Ministerstvo kultúry SSR
1984
|
| Tags: |
Keine Tags, Fügen Sie das erste Tag hinzu!
|
MARC
| LEADER | 00000nam a2200000 4500 | ||
|---|---|---|---|
| 001 | c107466 | ||
| 005 | 20221128070109.1 | ||
| 041 | 0 | |a slo | |
| 044 | |a SK | ||
| 245 | 1 | 0 | |a Integrované kultúrno-spoločenské stredisko pre okruh 10000 obyvateľov |b typizačná smernica |
| 264 | 1 | |a Bratislava |b Ministerstvo kultúry SSR |c 1984 | |
| 300 | |a 152 s. |e 9 príl. | ||